Statistics for DVORAK Keyboard (letters)

Click here to take the quiz!

General Stats

  • This quiz has been taken 28 times
  • The average score is 18 of 26

Answer Stats

HintAnswer% Correct
ff
93%
pp
93%
yy
93%
gg
87%
cc
80%
nn
80%
rr
80%
ss
80%
tt
80%
aa
73%
dd
73%
ee
73%
hh
73%
ii
73%
ll
73%
oo
73%
uu
73%
qq
67%
jj
60%
kk
60%
xx
53%
bb
47%
mm
47%
vv
47%
ww
47%
zz
47%

Score Distribution

Percentile by Number Answered

Percent of People with Each Score

Your Score History

You have not taken this quiz